00268nam a2200109Ia 4500008004000000082001600040100001200056245002400068260004300092300000800135650001500143210210b1970 xxu||||| |||| 00| 0 eng d a633.73 COFF aCOFFEE. aCOFFEE; guide book. aBangalore.bResearch Department,c1970 a119 aCoffee